[Event "SM-2023-0-00501"]
[Site "LSS email"]
[Date "2023.02.03"]
[Round "?"]
[White "Tsupryk, Oleksandr"]
[Black "Cirulis, Ilmars"]
[Result "0-1"]
[WhiteElo "2262"]
[BlackElo "2270"]
[PlyCount "40"]
[EventDate "2023.01.15"]
[EventType "tourn (corr)"]
[EventRounds "6"]
[EventCountry "GER"]
[SourceTitle "Corr 2024"]
[Source "ChessBase"]
[SourceDate "2023.10.19"]
[SourceVersion "1"]
[SourceVersionDate "2023.10.19"]
[SourceQuality "1"]

1. e4 c5 2. Nf3 d6 3. Bb5+ Nd7 4. d4 cxd4 5. Qxd4 a6 6. Be2 Ngf6 7. c4 g6 8. 0-0 Bg7 9. Nc3 0-0 10. h3 Nc5 11. Qe3 b6 12. Rd1 Bb7 13. e5 Nfe4 14. Nxe4 Nxe4 15. b4 Qc7 16. Bb2 dxe5 17. Bd3 f5 18. Rac1 Rfd8 19. c5 bxc5 20. Bxe5 Bxe5 0-1

[Event "OP-2022-0-05343"]
[Site "LSS email"]
[Date "2022.10.17"]
[Round "?"]
[White "Vitello, Gabry"]
[Black "Tsupryk, Oleksandr"]
[Result "1/2-1/2"]
[WhiteElo "1717"]
[BlackElo "2273"]
[PlyCount "90"]
[EventDate "2022.10.12"]
[EventType "tourn (corr)"]
[EventRounds "4"]
[EventCountry "GER"]
[SourceTitle "Corr 2024"]
[Source "ChessBase"]
[SourceDate "2023.10.19"]
[SourceVersion "1"]
[SourceVersionDate "2023.10.19"]
[SourceQuality "1"]

1. d4 d5 2. Nf3 Nf6 3. c4 c6 4. Nc3 e6 5. e3 Nbd7 6. Bd3 dxc4 7. Bxc4 b5 8. Be2 Bb7 9. 0-0 Be7 10. a3 a5 11. b3 0-0 12. Bb2 b4 13. axb4 axb4 14. Na4 c5 15. dxc5 Nxc5 16. Nxc5 Bxc5 17. Rxa8 Qxa8 18. Qc2 Rc8 19. Bxf6 gxf6 20. Qc4 Be7 21. Qg4+ Kf8 22. Nd4 Be4 23. h3 Bg6 24. Bc4 Qb7 25. Ne2 h5 26. Qf4 Kg7 27. Qg3 Rc5 28. h4 Kh7 29. Rc1 Be4 30. f3 Bg6 31. Nf4 Bd6 32. Qf2 Bxf4 33. exf4 Rf5 34. Ra1 Rxf4 35. Bxe6 Qc6 36. Bc4 Qd6 37. Ra6 Qd1+ 38. Qf1 Qd8 39. Qf2 Kg7 40. Kh2 Qc7 41. Kg1 Qd8 42. Kh2 Qc8 43. Ra4 Qd7 44. Ra6 Kh7 45. Kh1 Qd1+ 1/2-1/2